The Oxford illustrated history of Britain / (Record no. 13923)
[ view plain ]
| 000 -LEADER | |
|---|---|
| fixed length control field | 01426cam a2200277 a 4500 |
| 001 - CONTROL NUMBER | |
| control field | 13923 |
| 003 - CONTROL NUMBER IDENTIFIER | |
| rucl marc code | BD-RjUL |
| 005 - DATE AND TIME OF LATEST TRANSACTION | |
| control field | 20211208235534.0 |
| 008 - FIXED-LENGTH DATA ELEMENTS--GENERAL INFORMATION | |
| fixed length control field | 140203s2009 enkab b 001 0 eng d |
| 020 ## - INTERNATIONAL STANDARD BOOK NUMBER | |
| International Standard Book Number | 9780199544752 (acidfree paper) |
| 035 ## - SYSTEM CONTROL NUMBER | |
| System control number | (BD-RjUL)13975 |
| 040 ## - CATALOGING SOURCE | |
| Original cataloging agency | DLC |
| Transcribing agency | DLC |
| Language of cataloging | eng |
| Modifying agency | BD-RjUL |
| 041 ## - LANGUAGE CODE | |
| Language code of text/sound track or separate title | eng |
| 082 00 - DEWEY DECIMAL CLASSIFICATION NUMBER | |
| Classification number | 941 |
| Edition number | 22 |
| Author mark and year | OXF 2009 |
| 245 04 - TITLE STATEMENT | |
| Title | The Oxford illustrated history of Britain / |
| Statement of responsibility, etc. | edited by Kenneth O. Morgan. |
| 250 ## - EDITION STATEMENT | |
| Edition statement | New ed., Updated ed. for the 21st century. |
| 260 ## - PUBLICATION, DISTRIBUTION, ETC. (IMPRINT) | |
| Place of publication, distribution, etc. | Oxford ; |
| -- | New York : |
| Name of publisher, distributor, etc. | Oxford University Press, |
| Date of publication, distribution, etc. | c2009. |
| 300 ## - PHYSICAL DESCRIPTION | |
| Pagination | xiv, 683 p. : |
| Illustrations | ill. (some col.), maps ; |
| Size | 25 cm. |
| 504 ## - BIBLIOGRAPHY, ETC. NOTE | |
| Bibliography, etc | Includes bibliographical references (p. [625]-641) and index. |
| 505 0# - FORMATTED CONTENTS NOTE | |
| Formatted contents note | Roman Britain (c. 55 BC-c. AD 440) / Peter Salway -- The Anglo-Saxon period (c. 440-1066) / John Blair -- The early Middle Ages (1066-1290) / John Gillingham -- The later Middle Ages (1290-1485) / Ralph A. Griffiths -- The Tudor Age (1485-1603) / John Guy -- The Stuarts (1603-1688) / John Morrill -- The eighteenth century (1688-1789) / Paul Langford -- Revolution and the rule of law (1789-1851) / Christopher Harvie -- The Liberal Age (1851-1914) / H.C.G. Matthew -- The twentieth century (1914-2000) / Kenneth O. Morgan. |
| 651 #0 - SUBJECT ADDED ENTRY--GEOGRAPHIC NAME | |
| Geographic name | Great Britain |
| General subdivision | History. |
| 9 (RLIN) | 43524 |
| 700 1# - ADDED ENTRY--PERSONAL NAME | |
| Personal name | Morgan, Kenneth O. ed |
| 942 ## - ADDED ENTRY ELEMENTS (KOHA) | |
| Source of classification or shelving scheme | Dewey Decimal Classification |
| Koha item type | Books |
| Lost status | Source of classification or shelving scheme | Damaged status | Not for loan | Collection code | Permanent Location | Current Location | Shelving location | Date acquired | Source of acquisition | Cost, normal purchase price | Total Checkouts | Full call number | Date last seen | Copy number | Koha item type |
|---|---|---|---|---|---|---|---|---|---|---|---|---|---|---|---|
| Dewey Decimal Classification | Non-fiction | Central Library, University of Rajshahi | Central Library, University of Rajshahi | 06/07/2013 | Dhaka, Paragon Enterprise Ltd. | 1590.00 | 941 OXF 2009 | 03/02/2014 | C-2 | Books |